000 00520nam a22001817a 4500
003 CEME
005 20210628202041.0
008 210224b xxu||||| |||| 00| 0 eng d
020 _a0-8247-9575-X
040 _c.
082 _a620.106 BLO
100 _aBloomer, John J
_958059
245 _aPractical fluid mechanics for engineering applications
260 _aNEW YORK
_bMARCEL DEKKER
_c2000
300 _aIX,392P
650 _aFLUID MECHANICS FLUID MECHANICS FOR ENGINEERING APPLICATIONS
_958060
942 _cBK
_2ddc
999 _c568279
_d568279